Hygienici povolili otvorenie zatiaľ len piatim kúpaliskám v Gemeri podľa Ing. Denisy Čonkovej z RÚVZ v Rimavskej Sobote majú najlepšie skúsenosti s kúpaliskom v Revúcej

Bibliographic Details
Main Author: Krausová, Stela (Author)
Format: Article
Language:Slovak
PhysicalDescription:1 foto
Subjects:

MARC

LEADER 00000nab a2200000 a 4500
001 vtls001012851
003 SK-MaSNL
005 20260303042219.0
008 040720e20040708xo 0 slo
035 |a RV13451 
040 |a RVGKPD  |b slo  |c RVGKPD  |e AACR2 
041 0 |a slo 
044 |a xo  |c SK 
080 |a 379.8  |2 1981 
100 1 |a Krausová, Stela  |4 aut  |9 268152 
245 1 0 |a Hygienici povolili otvorenie zatiaľ len piatim kúpaliskám v Gemeri  |b podľa Ing. Denisy Čonkovej z RÚVZ v Rimavskej Sobote majú najlepšie skúsenosti s kúpaliskom v Revúcej 
300 |b 1 foto 
650 0 7 |a kúpaliská  |2 RVGKPD  |9 4394 
650 0 7 |a hygiena vody  |2 RVGKPD  |9 31215 
651 7 |a Rožňava (Slovensko)  |2 RVGKPD  |9 17394 
651 7 |a Gemerská Hôrka (Slovensko)  |2 RVGKPD  |9 26359 
651 7 |a Vlachovo (Slovensko)  |2 RVGKPD  |9 29546 
651 7 |a Bretka (Slovensko)  |2 RVGKPD  |9 58465 
773 0 8 |t Gemerský denník  |g Roč. 6, č.156, 8.7.2004, s. 1 
852 |a ZVYKNI  |b KIS3GCP 
999 |c 1691007  |d 1692937